按照辖区最东端从东至西依次写出全国省市区 - Statistics

General Stats
  • This quiz has been taken 29 times
  • The average score is 29 of 34
Answers on the Map
Answers color-coded by a green-red scale on the quiz's map according to % correct below.
 
Answer Stats
最东端经度 省市区 % Correct
135.1E 黑龙江
100%
131.3E 吉林
100%
125.8E 辽宁
100%
124.6E 台湾
100%
122.8E 浙江
100%
122.7E 山东
100%
122.1E 上海
100%
121.9E 江苏
100%
120.5E 福建
100%
119.8E 河北
100%
126.1E 内蒙古
95%
119.6E 安徽
95%
118.5E 江西
95%
118.1E 天津
95%
117.9E 海南
90%
117.5E 北京
86%
117.2E 广东
86%
116.6E 河南
81%
116.1E 湖北
81%
114.6E 山西
76%
114.4E 香港
76%
114.3E 湖南
76%
113.6E 澳门
71%
112.1E 广西
71%
111.2E 陕西
71%
110.2E 重庆
71%
109.6E 贵州
71%
108.7E 甘肃
71%
108.5E 四川
71%
107.7E 宁夏
71%
106.2E 云南
67%
103.1E 青海
62%
99.1E 西藏
62%
96.4E 新疆
62%
No matching quizzes found
Score Distribution
Percent of People with Each Score
Percentile by Number Answered
Your Score History
You have not taken this quiz